[Event "Ottawa op"]
[Site "Ottawa CAN"]
[Date "1972.01.29"]
[Round "2"]
[White "Brodie, Hugh"]
[Black "Stark, Peter"]
[Result "0-1"]
[ECO "B07"]
[WhiteElo "1800"]
[BlackElo "1900"]
[PlyCount "68"]
[EventDate "1972.01.29"]
[EventType "swiss"]
[EventRounds "5"]
[EventCountry "CAN"]

1. e4 d6 2. Nc3 f5 3. exf5 Bxf5 4. d4 e6 5. Bd3 Qf6 6. Nf3 Be7 7. Be3 Nh6 8. h3
Bxd3 9. Qxd3 Qf5 10. Qd2 Rg8 11. O-O-O Na6 12. Rhe1 O-O-O 13. Ng5 Bxg5 14. Bxg5
Rd7 15. Re2 Nf7 16. Bh4 g5 17. Bg3 c6 18. Rde1 Nc7 19. Re3 h5 20. Rf3 Qg6 21.
Kb1 h4 22. Bh2 g4 23. hxg4 Qxg4 24. Rf4 Qg5 25. Qe2 Nh6 26. Ne4 Qxg2 27. Rxh4
Nf5 28. Rh5 Nxd4 29. Qe3 e5 30. Rd1 Nd5 31. Nxd6+ Rxd6 32. Qxe5 Qg6 33. Rc1
Nxc2 34. Rxc2 Ne3 0-1

[Event "Ottawa op"]
[Site "Ottawa CAN"]
[Date "1972.01.29"]
[Round "3"]
[White "Leriche, Andre"]
[Black "Brodie, Hugh"]
[Result "1-0"]
[ECO "B40"]
[WhiteElo "1700"]
[BlackElo "1800"]
[PlyCount "64"]
[EventDate "1972.01.29"]
[EventType "swiss"]
[EventRounds "5"]
[EventCountry "CAN"]

1. e4 e6 2. d3 d5 3. Nd2 c5 4. c3 Nc6 5. Ngf3 Nf6 6. e5 Nd7 7. d4 Qb6 8. Nb3
cxd4 9. cxd4 Qc7 10. Bf4 Nb6 11. Bd3 Bb4+ 12. Nbd2 Bd7 13. O-O f5 14. Rc1 O-O
15. Kh1 h6 16. Rg1 g5 17. Bxg5 hxg5 18. Nxg5 Bc8 19. f4 Be7 20. Ndf3 Bxg5 21.
Nxg5 Rf7 22. Nxf7 Qxf7 23. g4 Kf8 24. g5 Bd7 25. g6 Qg7 26. Qh5 Ke7 27. Qg5+
Kf8 28. Rg3 Ne7 29. Rcg1 Be8 30. Be2 Qxg6 31. Qh4 Qf7 32. Qh8+ Ng8 1-0

[Event "Ottawa op"]
[Site "Ottawa CAN"]
[Date "1972.01.30"]
[Round "4"]
[White "Brodie, Hugh"]
[Black "Feeley, P."]
[Result "1/2-1/2"]
[ECO "C29"]
[WhiteElo "1800"]
[BlackElo "1650"]
[PlyCount "87"]
[EventDate "1972.01.29"]
[EventType "swiss"]
[EventRounds "5"]
[EventCountry "CAN"]

1. e4 e5 2. Nc3 Nf6 3. f4 Nc6 4. fxe5 Nxe5 5. d4 Ng6 6. e5 Ng8 7. Nf3 d6 8.
exd6 Bxd6 9. Bc4 Bg4 10. O-O N8e7 11. Bxf7+ Kxf7 12. Ng5+ Ke8 13. Qxg4 Rf8 14.
Bd2 Qd7 15. Ne6 Rf7 16. Rxf7 Kxf7 17. Ng5+ Ke8 18. Ne6 Kf7 19. Ng5+ Ke8 20. Qf3
Qc6 21. Qf7+ Kd7 22. Qe6+ Kd8 23. Nf7+ Ke8 24. Nxd6+ Qxd6 25. Qxd6 cxd6 26. Rf1
Rc8 27. Rf2 a6 28. Bg5 Nc6 29. Ne4 Kd7 30. c3 Ke6 31. Ng3 Rf8 32. Rd2 Kd5 33.
b3 b5 34. Rf2 Rxf2 35. Kxf2 b4 36. cxb4 Nxb4 37. a4 h6 38. Bd2 Nc6 39. Nf5 Nxd4
40. Nxg7 Nxb3 41. Bxh6 Ke4 42. Ne8 d5 43. Nf6+ Ke5 44. Nd7+ 1/2-1/2

[Event "Ottawa op"]
[Site "Ottawa CAN"]
[Date "1972.01.30"]
[Round "5"]
[White "Brodie, Hugh"]
[Black "Hara, Dan"]
[Result "1-0"]
[ECO "C27"]
[WhiteElo "1800"]
[BlackElo "1700"]
[PlyCount "78"]
[EventDate "1972.01.29"]
[EventType "swiss"]
[EventRounds "5"]
[EventCountry "CAN"]

1. e4 e5 2. Nc3 Bc5 3. Bc4 d6 4. d3 c6 5. f4 Nf6 6. Nf3 d5 7. exd5 Nxd5 8. Nxd5
cxd5 9. Bb5+ Bd7 10. Bxd7+ Nxd7 11. fxe5 Qe7 12. d4 Bb6 13. Qe2 O-O 14. Be3 f6
15. Kd2 fxe5 16. dxe5 Nxe5 17. Nxe5 Qxe5 18. Bxb6 Qxe2+ 19. Kxe2 axb6 20. Rhf1
Rxf1 21. Kxf1 d4 22. a3 Rc8 23. Rc1 d3 24. c3 Rd8 25. Rd1 Rf8+ 26. Kg1 Re8 27.
Rxd3 Re2 28. b4 b5 29. Rd8+ Kf7 30. Rd7+ Kg6 31. Rxb7 Re5 32. Ra7 Re3 33. Rc7
Rd3 34. Rc5 Rd1+ 35. Kf2 Ra1 36. Rxb5 Rxa3 37. c4 Rc3 38. c5 Kf6 39. Rb6+ Ke7
1-0

[Event "Tournois de l'est"]
[Site "Quebec CAN"]
[Date "1972.08.26"]
[Round "1"]
[White "Hebert, Andre jr"]
[Black "Brodie, Hugh"]
[Result "1/2-1/2"]
[ECO "B72"]
[WhiteElo "1650"]
[BlackElo "1800"]
[PlyCount "111"]
[EventDate "1972.??.??"]
[EventType "swiss"]
[EventRounds "5"]
[EventCountry "CAN"]

1. e4 c5 2. Nf3 d6 3. d4 cxd4 4. Nxd4 Nf6 5. Nc3 g6 6. Bc4 Bg7 7. Be3 O-O 8.
Qd2 Nc6 9. O-O-O Ng4 10. Nde2 Nxe3 11. Qxe3 Bd7 12. Kb1 Qa5 13. Bb3 Rac8 14.
Rd5 Qa6 15. Rd2 Na5 16. Nd5 Rfe8 17. Nb4 Qb5 18. Nd5 Nxb3 19. Qxb3 Qa6 20. Nec3
Be6 21. Qb5 Qxb5 22. Nxb5 Bxd5 23. Rxd5 a6 24. Na3 b5 25. c3 Rc7 26. Nc2 Rec8
27. Rhd1 h6 28. f4 Rc4 29. e5 dxe5 30. fxe5 Re4 31. Rd8+ Rxd8 32. Rxd8+ Kh7 33.
Ra8 Bxe5 34. Rxa6 Bxh2 35. Rb6 Re2 36. Rxb5 Rxg2 37. a4 f5 38. a5 f4 39. Nd4
Bg1 40. Nf3 Rf2 41. Nxg1 Rf1+ 42. Ka2 Rxg1 43. a6 f3 44. Rb4 f2 45. Rf4 f1=Q
46. Rxf1 Rxf1 47. b4 h5 48. b5 h4 49. a7 Rf8 50. b6 h3 51. b7 h2 52. a8=Q h1=Q
53. Qxf8 Qxb7 54. Qf7+ Kh8 55. Qf8+ Kh7 56. Qf7+ 1/2-1/2

[Event "Tournois de l'est"]
[Site "Quebec CAN"]
[Date "1972.08.26"]
[Round "2"]
[White "Duval, Michel"]
[Black "Brodie, Hugh"]
[Result "0-1"]
[ECO "A42"]
[WhiteElo "1600"]
[BlackElo "1800"]
[PlyCount "50"]
[EventDate "1972.??.??"]
[EventType "swiss"]
[EventRounds "5"]
[EventCountry "CAN"]

1. c4 e5 2. e3 d6 3. d4 Nc6 4. d5 Nce7 5. e4 g6 6. Nf3 Bg7 7. Nc3 f5 8. Bd3 Nf6
9. O-O O-O 10. Qc2 f4 11. b3 Bg4 12. Ng5 h6 13. f3 hxg5 14. fxg4 Nxg4 15. Be2
Nf6 16. Ba3 Qd7 17. Rad1 Kf7 18. h3 Rh8 19. Rd3 g4 20. g3 f3 21. hxg4 fxe2 22.
Qxe2 Rh7 23. g5 Rah8 24. Qf3 Qh3 25. gxf6 Qh2# 0-1

[Event "Tournois de l'est"]
[Site "Quebec CAN"]
[Date "1972.08.26"]
[Round "3"]
[White "Brodie, Hugh"]
[Black "Fleury, C."]
[Result "1-0"]
[ECO "C28"]
[WhiteElo "1800"]
[BlackElo "1600"]
[PlyCount "25"]
[EventDate "1972.??.??"]
[EventType "swiss"]
[EventRounds "5"]
[EventCountry "CAN"]

1. e4 e5 2. Nc3 Nc6 3. Bc4 Nf6 4. d3 Bc5 5. f4 g6 6. Nf3 Ng4 7. Bxf7+ Kf8 8.
Qe2 d6 9. Bb3 Nd4 10. Nxd4 Bxd4 11. fxe5 dxe5 12. Rf1+ Kg7 13. Rf7+ 1-0

[Event "Tournois de l'est"]
[Site "Quebec CAN"]
[Date "1972.08.27"]
[Round "4"]
[White "Brodie, Hugh"]
[Black "Delva, Jean"]
[Result "0-1"]
[ECO "A03"]
[WhiteElo "1800"]
[BlackElo "1900"]
[PlyCount "52"]
[EventDate "1972.??.??"]
[EventType "swiss"]
[EventRounds "5"]
[EventCountry "CAN"]

1. f4 d5 2. b3 Nf6 3. e3 g6 4. Nf3 Bg7 5. Bb2 c5 6. Bb5+ Bd7 7. Bxd7+ Nbxd7 8.
O-O O-O 9. Qe1 e6 10. Nc3 Rc8 11. Ne2 c4 12. Rc1 Qa5 13. a3 cxb3 14. cxb3 Qa6
15. Ned4 Nc5 16. Ne5 Nfe4 17. b4 Bxe5 18. bxc5 Bg7 19. Rc2 Rxc5 20. Qb1 Rfc8
21. Rfc1 b6 22. h3 Qa4 23. Rxc5 bxc5 24. Nf3 Rb8 25. d4 Qb3 26. Rxc5 Qxe3+ 0-1

[Event "Tournois de l'est"]
[Site "Quebec CAN"]
[Date "1972.08.27"]
[Round "5"]
[White "Black, Robin"]
[Black "Brodie, Hugh"]
[Result "1/2-1/2"]
[ECO "A25"]
[WhiteElo "1800"]
[BlackElo "1800"]
[PlyCount "120"]
[EventDate "1972.??.??"]
[EventType "swiss"]
[EventRounds "5"]
[EventCountry "CAN"]

1. c4 e5 2. Nc3 Nc6 3. d3 d6 4. g3 g6 5. Bg2 Bg7 6. Rb1 f5 7. e3 Nf6 8. Nge2
O-O 9. O-O Be6 10. Nd5 Rb8 11. Nec3 Ne7 12. Qe2 c6 13. Nxe7+ Qxe7 14. f4 h6 15.
Bd2 g5 16. Rbe1 Rbe8 17. Kh1 Qd7 18. e4 gxf4 19. gxf4 fxe4 20. fxe5 Bg4 21. Qe3
Rxe5 22. Nxe4 d5 23. Rxf6 Rxf6 24. Nxf6+ Bxf6 25. Qxh6 Rxe1+ 26. Bxe1 Qf5 27.
Qe3 Be5 28. cxd5 cxd5 29. Bxd5+ Kg7 30. Bg2 Bxb2 31. Qe7+ Kg8 32. Qd8+ Kg7 33.
Qc7+ Kg6 34. Qxb7 Qe5 35. Qc6+ Be6 36. Qe8+ Kg7 37. Qe7+ Kg8 38. Qe8+ Kg7 39.
Qe7+ Kg8 40. Bb4 Qf5 41. Qd8+ Kg7 42. Qc7+ Kg8 43. Qd8+ Kg7 44. Qc7+ Kg8 45.
Qxa7 Qxd3 46. Qa8+ Kg7 47. Qf8+ Kg6 48. Qe8+ Kf5 49. Qh5+ Kf6 50. Qh4+ Ke5 51.
Qe1+ Kf6 52. Qf2+ Kg6 53. Qe1 Kf6 54. a4 Bd5 55. Qe7+ Kg6 56. Qd6+ Kg7 57. Qe7+
Kg6 58. Qe8+ Kf5 59. Qd7+ Kg6 60. Qg4+ Kf6 1/2-1/2

[Event "Montreal (friendly game)"]
[Site "Montreal CAN"]
[Date "1971.11.19"]
[Round "1"]
[White "Brodie, Hugh"]
[Black "Agnew, Gerald"]
[Result "1-0"]
[ECO "A30"]
[WhiteElo "1750"]
[BlackElo "1750"]
[PlyCount "65"]
[EventDate "1971.11.19"]
[EventType "match"]
[EventRounds "1"]
[EventCountry "CAN"]

1. Nf3 Nf6 2. g3 e6 3. c4 b6 4. Bg2 Bb7 5. O-O c5 6. b3 Be7 7. d4 cxd4 8. Nxd4
Bxg2 9. Kxg2 a6 10. Nc3 Qc7 11. Bb2 O-O 12. Rc1 d6 13. e4 Nbd7 14. Qe2 Rfe8 15.
Rfd1 Bf8 16. Qc2 Qb7 17. f3 Rad8 18. Rd2 e5 19. Nf5 Qc6 20. Rcd1 Nc5 21. Nd5
Re6 22. Nxf6+ Rxf6 23. Bxe5 Rxf5 24. exf5 Re8 25. Bf4 f6 26. Re2 g5 27. fxg6
Rxe2+ 28. Qxe2 hxg6 29. Qd2 g5 30. Bxd6 g4 31. Qd5+ Qxd5 32. Rxd5 gxf3+ 33.
Kxf3 1-0

[Event "Quebec op"]
[Site "Quebec CAN"]
[Date "1971.10.09"]
[Round "1"]
[White "Dumas, Ghislain"]
[Black "Brodie, Hugh"]
[Result "0-1"]
[ECO "A25"]
[WhiteElo "1500"]
[BlackElo "1750"]
[PlyCount "54"]
[EventDate "1971.10.09"]
[EventType "swiss"]
[EventRounds "6"]
[EventCountry "CAN"]

1. c4 e5 2. Nc3 Nc6 3. g3 d6 4. Bg2 g6 5. e3 Bg7 6. Nge2 f5 7. d3 Nf6 8. O-O
O-O 9. Nd5 Ne7 10. Nxe7+ Qxe7 11. b3 c6 12. Nc3 Nh5 13. Bd2 Be6 14. Rc1 f4 15.
exf4 exf4 16. g4 Nf6 17. Bf3 g5 18. Qe2 Qd7 19. h3 h5 20. Rce1 Rae8 21. Qd1
hxg4 22. hxg4 Bxg4 23. Bxg4 Nxg4 24. Kg2 f3+ 25. Kh1 Be5 26. Re4 Qh7+ 27. Kg1
Qh2# 0-1

[Event "Quebec op"]
[Site "Quebec CAN"]
[Date "1971.10.09"]
[Round "2"]
[White "Brodie, Hugh"]
[Black "Witt, Laszlo"]
[Result "0-1"]
[ECO "A03"]
[WhiteElo "1750"]
[BlackElo "2300"]
[PlyCount "78"]
[EventDate "1971.10.09"]
[EventType "swiss"]
[EventRounds "6"]
[EventCountry "CAN"]

1. f4 d5 2. b3 Nf6 3. e3 Bg4 4. Nf3 Nbd7 5. Bb2 c6 6. Be2 Qc7 7. O-O Bxf3 8.
Bxf3 e5 9. fxe5 Nxe5 10. Nc3 Bd6 11. h3 O-O-O 12. Qe2 h5 13. Nd1 Rde8 14. Nf2
Kb8 15. c4 Qe7 16. cxd5 cxd5 17. Rac1 Bc7 18. Rc2 Ka8 19. Rfc1 Bb8 20. Bd4 Qd6
21. Bc5 Qd7 22. Bd4 Qd6 23. Bc5 Qe6 24. Bd4 g5 25. Bxe5 Qxe5 26. Rc5 g4 27.
hxg4 hxg4 28. Bxg4 Qh2+ 29. Kf1 Ne4 30. Nxe4 dxe4 31. Rc8 Qh1+ 32. Kf2 Qh4+ 33.
Kf1 Qf6+ 34. Kg1 Qe5 35. Bh3 Qh2+ 36. Kf1 Rxc8 37. Rxc8 Rxc8 38. Bxc8 Bg3 39.
Bxb7+ Kb8 0-1

[Event "Quebec op"]
[Site "Quebec CAN"]
[Date "1971.10.10"]
[Round "3"]
[White "Bokan, Stefan"]
[Black "Brodie, Hugh"]
[Result "0-1"]
[ECO "C02"]
[WhiteElo "1800"]
[BlackElo "1750"]
[PlyCount "72"]
[EventDate "1971.10.09"]
[EventType "swiss"]
[EventRounds "6"]
[EventCountry "CAN"]

1. e4 c5 2. c3 e6 3. d4 d5 4. e5 Nc6 5. Nf3 Qb6 6. a3 c4 7. Nbd2 Bd7 8. b4 cxb3
9. Qxb3 Qc7 10. Rb1 Na5 11. Qc2 a6 12. Bd3 Rc8 13. Bb2 Ne7 14. O-O Ng6 15. Bxg6
hxg6 16. h3 Nc4 17. Nxc4 Qxc4 18. Qd2 Bb5 19. Qf4 Qc7 20. Rfd1 Be2 21. Rd2 Bxf3
22. Qxf3 b5 23. Rc1 Be7 24. Qg4 Rh4 25. Qg3 Kd7 26. f4 Rch8 27. Rf1 Ke8 28.
Rdf2 R4h5 29. Qd3 Kd7 30. Rf3 Qc4 31. Qc2 Rc8 32. g4 Rh6 33. g5 Rh5 34. Kh2
Qxd4 35. Rd1 Qc4 36. Rd4 Qxd4 0-1

[Event "Quebec op"]
[Site "Quebec CAN"]
[Date "1971.10.10"]
[Round "4"]
[White "Brodie, Hugh"]
[Black "Abdin, M."]
[Result "1/2-1/2"]
[ECO "C28"]
[WhiteElo "1750"]
[BlackElo "1500"]
[PlyCount "88"]
[EventDate "1971.10.09"]
[EventType "swiss"]
[EventRounds "6"]
[EventCountry "CAN"]

1. e4 e5 2. Nc3 Nc6 3. Bc4 Nf6 4. d3 Bb4 5. f4 d6 6. Nf3 h6 7. O-O Bc5+ 8. Kh1
Ng4 9. Qe2 Nd4 10. Nxd4 Bxd4 11. Qf3 Qh4 12. Qg3 Qxg3 13. hxg3 Nf2+ 14. Kh2
Ng4+ 15. Kh1 Nf2+ 16. Kh2 Bg4 17. Nb5 Be2 18. Rxf2 Bxf2 19. Nxc7+ Ke7 20. Nxa8
Rxa8 21. Bd2 exf4 22. gxf4 g5 23. f5 g4 24. g3 h5 25. Kg2 Bb6 26. Bd5 f6 27.
Bxb7 Rh8 28. Re1 Bf3+ 29. Kh2 h4 30. Be3 Ba5 31. c3 d5 32. exd5 hxg3+ 33. Kxg3
Rh3+ 34. Kf2 Rh2+ 35. Kf1 Kd8 36. Bf4 Rxb2 37. Bc6 Kc8 38. Re8+ Bd8 39. Bd6
Rxa2 40. Be7 g3 41. Rxd8+ Kc7 42. Rd7+ Kc8 43. Rd8+ Kc7 44. Rd7+ Kc8 1/2-1/2

[Event "Quebec op"]
[Site "Quebec CAN"]
[Date "1971.10.11"]
[Round "5"]
[White "Pearce, M."]
[Black "Brodie, Hugh"]
[Result "0-1"]
[ECO "D52"]
[WhiteElo "1700"]
[BlackElo "1750"]
[PlyCount "48"]
[EventDate "1971.10.09"]
[EventType "swiss"]
[EventRounds "6"]
[EventCountry "CAN"]

1. d4 d5 2. c4 e6 3. Nc3 Nf6 4. Bg5 Nbd7 5. e3 c6 6. Nf3 Qa5 7. Nd2 Bb4 8. Qc2
O-O 9. c5 h6 10. h4 Re8 11. f4 Ng4 12. Rh3 f5 13. Be2 Ngf6 14. Kf2 Bxc3 15.
bxc3 hxg5 16. hxg5 Ne4+ 17. Nxe4 fxe4 18. Rah1 Kf7 19. Rh7 Rg8 20. Bg4 Nf8 21.
R7h3 b6 22. c4 bxc5 23. cxd5 exd5 24. f5 Rb8 0-1

[Event "CNE op"]
[Site "Toronto CAN"]
[Date "1971.09.04"]
[Round "2"]
[White "Brodie, Hugh"]
[Black "De Pinto, J."]
[Result "1-0"]
[ECO "C29"]
[WhiteElo "1750"]
[BlackElo "1500"]
[PlyCount "37"]
[EventDate "1971.09.04"]
[EventType "swiss"]
[EventRounds "6"]
[EventCountry "CAN"]

1. e4 e5 2. Nc3 Nf6 3. f4 d5 4. fxe5 Nxe4 5. Nf3 Be7 6. d4 O-O 7. Bd3 Nxc3 8.
bxc3 c5 9. h4 c4 10. Bxh7+ Kh8 11. Ng5 g6 12. Nxf7+ Rxf7 13. Bxg6 Rg7 14. Qh5+
Kg8 15. Bh6 Qa5 16. O-O Qxc3 17. Bf7+ Kf8 18. Bxg7+ Kxg7 19. Qg6+ 1-0

[Event "CNE op"]
[Site "Toronto CAN"]
[Date "1971.09.05"]
[Round "3"]
[White "Gardner, R."]
[Black "Brodie, Hugh"]
[Result "0-1"]
[ECO "D52"]
[WhiteElo "1600"]
[BlackElo "1750"]
[PlyCount "74"]
[EventDate "1971.09.04"]
[EventType "swiss"]
[EventRounds "6"]
[EventCountry "CAN"]

1. d4 d5 2. c4 e6 3. Nc3 Nf6 4. Bg5 c6 5. Nf3 Nbd7 6. e3 Qa5 7. Bxf6 Nxf6 8. a3
Ne4 9. Qc2 Bb4 10. Rc1 Bxc3+ 11. bxc3 Qxa3 12. Bd3 Nf6 13. O-O Qe7 14. h3 O-O
15. Ne5 h6 16. f4 dxc4 17. Bxc4 Nd5 18. Rf3 Bd7 19. Rg3 b5 20. Ba2 Qd6 21. Bb1
f5 22. Qf2 a5 23. Qf3 Be8 24. e4 Nb6 25. Ba2 Kh7 26. exf5 exf5 27. h4 Nd5 28.
h5 Ra7 29. Re1 b4 30. Nc4 Qxf4 31. Qxf4 Nxf4 32. Rf3 g5 33. hxg6+ Nxg6 34. Nd6
Bd7 35. Bb1 b3 36. Bxf5 Bxf5 37. Nxf5 Raf7 0-1

[Event "CNE op"]
[Site "Toronto CAN"]
[Date "1971.09.05"]
[Round "4"]
[White "Brodie, Hugh"]
[Black "Williamson, Paul"]
[Result "1-0"]
[ECO "C30"]
[WhiteElo "1750"]
[BlackElo "1600"]
[PlyCount "103"]
[EventDate "1971.09.04"]
[EventType "swiss"]
[EventRounds "6"]
[EventCountry "CAN"]

1. e4 e5 2. Nc3 Nf6 3. f4 d6 4. Nf3 Bg4 5. Bc4 Bxf3 6. Qxf3 c6 7. O-O Be7 8. d3
O-O 9. f5 a5 10. a3 b5 11. Ba2 Qe8 12. g4 Kh8 13. g5 Ng8 14. h4 Nd7 15. Be3 b4
16. Ne2 c5 17. h5 Qd8 18. Qg4 h6 19. gxh6 gxh6 20. Kh2 Bg5 21. Bf2 Ndf6 22. Qf3
Nh7 23. Rg1 f6 24. Be6 Rb8 25. axb4 Rxb4 26. b3 Ne7 27. Be1 Nc6 28. Bxb4 Nxb4
29. c3 Nc6 30. Ra2 Qb6 31. Rga1 Ra8 32. Bd5 Ra6 33. Bxc6 Qxc6 34. Rxa5 Rxa5 35.
Rxa5 Nf8 36. Qh1 Nd7 37. Qa1 Nb6 38. Qa2 Qe8 39. Ng3 Bf4 40. Qe2 Qg8 41. Qf3
Qxb3 42. c4 Qc2+ 43. Kh3 Qb3 44. Rb5 Qa4 45. Rxb6 Qd7 46. Qd1 Qg7 47. Qg4 Bg5
48. Rxd6 Qe7 49. Re6 Qd8 50. Qd1 Qg8 51. Qa4 Bf4 52. Re8 1-0

[Event "CNE op"]
[Site "Toronto CAN"]
[Date "1971.09.06"]
[Round "5"]
[White "Nettheim, N."]
[Black "Brodie, Hugh"]
[Result "1-0"]
[ECO "D36"]
[WhiteElo "1850"]
[BlackElo "1750"]
[PlyCount "115"]
[EventDate "1971.09.04"]
[EventType "swiss"]
[EventRounds "6"]
[EventCountry "CAN"]

1. d4 Nf6 2. c4 e6 3. Nc3 d5 4. Bg5 c6 5. cxd5 exd5 6. e3 h6 7. Bh4 Be7 8. Bd3
O-O 9. Qc2 b6 10. Nf3 Ba6 11. Ne5 Bxd3 12. Qxd3 Nfd7 13. Bxe7 Nxe5 14. dxe5
Qxe7 15. f4 Nd7 16. O-O-O Qb4 17. Kb1 Nc5 18. Qc2 Nb7 19. g4 Na5 20. Qe2 Rfd8
21. Rd4 Qe7 22. h4 g6 23. Qd3 Kg7 24. Rd1 Nb7 25. Qe2 Nc5 26. Qg2 Rac8 27. Ka1
Kh7 28. Qf3 f6 29. exf6 Qxf6 30. g5 Qe7 31. h5 Rf8 32. hxg6+ Kxg6 33. gxh6 Kh7
34. f5 Rf6 35. Rh1 Rg8 36. b4 Ne6 37. Rg4 Rg5 38. Rxg5 Nxg5 39. Qf4 Nf7 40. b5
Qc5 41. Kb2 cxb5 42. Qg3 Qb4+ 43. Kc2 Qf8 44. Nxd5 Rxf5 45. e4 Rxd5 46. Qg7+
Qxg7 47. hxg7+ Kxg7 48. exd5 Nd6 49. Rf1 Kg6 50. Kd3 a5 51. Kd4 b4 52. Ke5 Nc4+
53. Ke6 a4 54. Rg1+ Kh5 55. d6 Nxd6 56. Kxd6 b3 57. axb3 axb3 58. Rb1 1-0

[Event "CNE op"]
[Site "Toronto CAN"]
[Date "1971.09.06"]
[Round "6"]
[White "Wolf, D."]
[Black "Brodie, Hugh"]
[Result "1-0"]
[ECO "B72"]
[WhiteElo "1650"]
[BlackElo "1750"]
[PlyCount "107"]
[EventDate "1971.09.04"]
[EventType "swiss"]
[EventRounds "6"]
[EventCountry "CAN"]

1. e4 c5 2. Nf3 d6 3. d4 cxd4 4. Nxd4 Nf6 5. Nc3 g6 6. Be2 Bg7 7. Be3 Nc6 8. h3
O-O 9. Qd2 a6 10. O-O-O Bd7 11. f4 Qa5 12. Bf3 Rfc8 13. Kb1 b5 14. Nb3 Qc7 15.
e5 Ne8 16. Nd5 Qd8 17. Bb6 Nc7 18. Bxc7 Rxc7 19. Nxc7 Qxc7 20. exd6 exd6 21.
Qxd6 Ra7 22. Qxd7 Qxd7 23. Rxd7 Rxd7 24. Bxc6 Rd6 25. Bf3 Rf6 26. g3 Re6 27. c3
Re3 28. Rf1 Kf8 29. Kc2 Ke7 30. Kd2 Re6 31. Re1 Rxe1 32. Kxe1 Kd6 33. Kd2 h6
34. Kd3 g5 35. Nd4 Bf8 36. fxg5 hxg5 37. Bb7 a5 38. Nxb5+ Kc5 39. a4 f5 40. Nd4
Kb6 41. Bg2 f4 42. gxf4 gxf4 43. Ne6 Bh6 44. b4 axb4 45. cxb4 Ka6 46. Kc4 f3
47. Bxf3 Bd2 48. Nc5+ Ka7 49. Nd7 Be1 50. b5 Bb4 51. b6+ Ka6 52. b7 Bd6 53.
b8=Q Bxb8 54. Nxb8+ 1-0

[Event "Match"]
[Site "Montreal CAN"]
[Date "1971.07.12"]
[Round "1"]
[White "Billyard, Ron"]
[Black "Brodie, Hugh"]
[Result "0-1"]
[ECO "A25"]
[WhiteElo "1750"]
[BlackElo "1750"]
[PlyCount "88"]
[EventDate "1971.07.12"]
[EventType "match"]
[EventRounds "6"]
[EventCountry "CAN"]

1. c4 e5 2. Nc3 Nc6 3. g3 d6 4. Bg2 g6 5. e3 Bg7 6. Nge2 f5 7. d4 e4 8. O-O Nf6
9. b4 a6 10. Rb1 O-O 11. Qb3 Kh8 12. Bb2 Qe7 13. Nf4 Nd8 14. Ncd5 Qf7 15. h4
Ne6 16. Rfc1 h6 17. Nxe6 Bxe6 18. Nf4 g5 19. hxg5 hxg5 20. Nxe6 Qxe6 21. c5 d5
22. b5 f4 23. exf4 gxf4 24. gxf4 Nh5 25. Rc3 Nxf4 26. Qd1 Rf6 27. Rg3 Raf8 28.
Bc1 Bh6 29. Bxf4 Rxf4 30. Qe2 Rxf2 31. Qxf2 Rxf2 32. Kxf2 Qf6+ 33. Ke2 Qxd4 34.
bxa6 Qc4+ 35. Ke1 Qxa6 36. Rd1 Qc4 37. Bh1 c6 38. Rb1 e3 39. Rxb7 Qc3+ 40. Kf1
e2+ 41. Kg2 Qxg3+ 42. Kxg3 e1=Q+ 43. Kg2 Bg5 44. Kh2 Qf2+ 0-1

[Event "Match"]
[Site "Montreal CAN"]
[Date "1971.07.19"]
[Round "2"]
[White "Brodie, Hugh"]
[Black "Billyard, Ron"]
[Result "1-0"]
[ECO "A09"]
[WhiteElo "1750"]
[BlackElo "1750"]
[PlyCount "119"]
[EventDate "1971.07.12"]
[EventType "match"]
[EventRounds "6"]
[EventCountry "CAN"]

1. Nf3 d5 2. c4 dxc4 3. Na3 c5 4. Nxc4 Nc6 5. g3 f6 6. Bg2 e5 7. O-O Be6 8. Ne3
Nge7 9. d3 Nd5 10. Bd2 Rb8 11. a3 Be7 12. Rc1 O-O 13. Nh4 Nxe3 14. fxe3 f5 15.
Nf3 Qb6 16. Qc2 Rbc8 17. Kh1 Kh8 18. Bc3 Bf6 19. Nd2 Nd4 20. exd4 cxd4 21. Bxd4
exd4 22. Qb1 Qb5 23. Nf3 g5 24. Rc2 Bd5 25. Rfc1 Rxc2 26. Rxc2 g4 27. Ne1 Bg5
28. b4 b6 29. Bxd5 Qxd5+ 30. Ng2 f4 31. gxf4 Rxf4 32. Rc8+ Kg7 33. Rc7+ Kg6 34.
Kg1 Rf6 35. Qe1 Be3+ 36. Nxe3 dxe3 37. Qg3 Qd4 38. Rc1 h5 39. Qb8 Kg5 40. Qg3
Rf2 41. h4+ Kf5 42. Rf1 Rxf1+ 43. Kxf1 Qa1+ 44. Kg2 Qxa3 45. Qxe3 Qxb4 46. Qg5+
Ke6 47. Qxh5 a5 48. Qg6+ Kd7 49. h5 Qd4 50. Qf7+ Kc6 51. Qc4+ Qxc4 52. dxc4 Kc5
53. h6 Kxc4 54. h7 b5 55. h8=Q a4 56. e4 b4 57. e5 b3 58. e6 a3 59. e7 b2 60.
Qb8 1-0

[Event "Match"]
[Site "Montreal CAN"]
[Date "1971.07.21"]
[Round "3"]
[White "Billyard, Ron"]
[Black "Brodie, Hugh"]
[Result "1/2-1/2"]
[ECO "B22"]
[WhiteElo "1750"]
[BlackElo "1750"]
[PlyCount "64"]
[EventDate "1971.07.12"]
[EventType "match"]
[EventRounds "6"]
[EventCountry "CAN"]

1. Nf3 c5 2. e4 e6 3. c3 d5 4. exd5 exd5 5. d4 Nf6 6. g3 Bg4 7. Bg2 Nc6 8. O-O
Be7 9. Qb3 O-O 10. Be3 c4 11. Qc2 Bd6 12. Nbd2 Ne7 13. Ne5 Bf5 14. Qd1 Bxe5 15.
dxe5 Ng4 16. Bd4 Nc6 17. Nf3 f6 18. exf6 Nxf6 19. Nh4 Bd3 20. Bxf6 Rxf6 21. Re1
Qd6 22. Qh5 d4 23. Qd5+ Qxd5 24. Bxd5+ Kf8 25. Bxc6 bxc6 26. cxd4 Rd8 27. Re3
Rxd4 28. Rae1 Rd8 29. Nf3 Rfd6 30. Ng5 Rb8 31. b3 h6 32. Ne6+ Kg8 1/2-1/2

[Event "Match"]
[Site "Montreal CAN"]
[Date "1971.07.26"]
[Round "4"]
[White "Brodie, Hugh"]
[Black "Billyard, Ron"]
[Result "1/2-1/2"]
[ECO "B06"]
[WhiteElo "1750"]
[BlackElo "1750"]
[PlyCount "56"]
[EventDate "1971.07.12"]
[EventType "match"]
[EventRounds "6"]
[EventCountry "CAN"]

1. e4 g6 2. d4 Bg7 3. Nc3 d6 4. f4 b6 5. Nf3 Bb7 6. Be3 Nd7 7. Bd3 e5 8. fxe5
dxe5 9. O-O Qe7 10. d5 Ngf6 11. Qd2 Ng4 12. Bg5 f6 13. Bh4 O-O 14. h3 Nh6 15.
Kh1 Nf7 16. Nb5 c6 17. Nc7 cxd5 18. exd5 e4 19. Bxe4 Qxe4 20. Rae1 Qc4 21. Nxa8
Bxa8 22. b3 Qxd5 23. Qxd5 Bxd5 24. Rd1 Bc6 25. Nd4 Nde5 26. Ne6 Re8 27. Nxg7
Kxg7 28. Bxf6+ Kg8 1/2-1/2

[Event "Match"]
[Site "Montreal CAN"]
[Date "1971.07.28"]
[Round "5"]
[White "Billyard, Ron"]
[Black "Brodie, Hugh"]
[Result "1/2-1/2"]
[ECO "E60"]
[WhiteElo "1750"]
[BlackElo "1750"]
[PlyCount "53"]
[EventDate "1971.07.12"]
[EventType "match"]
[EventRounds "6"]
[EventCountry "CAN"]

1. d4 Nf6 2. c4 g6 3. Nf3 Bg7 4. g3 c5 5. dxc5 Qa5+ 6. Bd2 Qxc5 7. e3 O-O 8.
Nc3 d6 9. Qb3 Qc7 10. Bg2 Nc6 11. Nb5 Qd8 12. O-O Ne4 13. Bc3 Nxc3 14. Nxc3 Na5
15. Qb4 Nc6 16. Qa3 Qa5 17. Rac1 Qxa3 18. bxa3 Na5 19. Nd5 Nc6 20. Rb1 Rb8 21.
Nd2 e6 22. Nb4 Nxb4 23. axb4 b6 24. c5 bxc5 25. bxc5 Rxb1 26. Rxb1 dxc5 27. Rc1
1/2-1/2

[Event "Match"]
[Site "Montreal CAN"]
[Date "1971.08.04"]
[Round "6"]
[White "Brodie, Hugh"]
[Black "Billyard, Ron"]
[Result "1-0"]
[ECO "B77"]
[WhiteElo "1750"]
[BlackElo "1750"]
[PlyCount "65"]
[EventDate "1971.07.12"]
[EventType "match"]
[EventRounds "6"]
[EventCountry "CAN"]

1. e4 c5 2. Nf3 d6 3. d4 cxd4 4. Nxd4 Nf6 5. Nc3 Nc6 6. Bc4 g6 7. f3 Bg7 8. Be3
O-O 9. Qd2 a6 10. Bb3 Nxd4 11. Bxd4 Be6 12. g4 Rc8 13. h4 Qa5 14. h5 Bxb3 15.
cxb3 Ne8 16. Bxg7 Nxg7 17. hxg6 fxg6 18. Ke2 g5 19. Rh6 Qe5 20. Rah1 Qg3 21.
Qxg5 Rxc3 22. bxc3 Rxf3 23. R6h3 Qg2+ 24. Kd1 Rxh3 25. Rxh3 Qxh3 26. Qxe7 Qxg4+
27. Kd2 Qg2+ 28. Kd3 Qf1+ 29. Kd2 Qf2+ 30. Kd3 Qb6 31. c4 h5 32. Qg5 Qd4+ 33.
Kxd4 1-0

[Event "Alekhine CC op"]
[Site "Montreal CAN"]
[Date "1971.06.25"]
[Round "1"]
[White "Banville, M."]
[Black "Brodie, Hugh"]
[Result "0-1"]
[ECO "D52"]
[WhiteElo "1400"]
[BlackElo "1750"]
[PlyCount "70"]
[EventDate "1971.06.25"]
[EventType "swiss"]
[EventRounds "5"]
[EventCountry "CAN"]

1. d4 e6 2. Nf3 d5 3. c4 Nf6 4. Bg5 c6 5. Nc3 Nbd7 6. e3 Qa5 7. Rc1 Ne4 8. Qc2
Bb4 9. Bd3 Nxg5 10. Nxg5 dxc4 11. a3 Bxc3+ 12. Qxc3 Qxc3+ 13. Rxc3 cxd3 14.
Rxd3 b6 15. O-O Ba6 16. Rdd1 Bxf1 17. Rxf1 c5 18. Nf3 O-O 19. Rd1 Rfd8 20. h3
Rac8 21. Kh1 c4 22. Rc1 b5 23. Kh2 a5 24. Nd2 Nb6 25. Ne4 Na4 26. Rb1 b4 27.
Nd2 Nxb2 28. axb4 c3 29. Nb3 axb4 30. Nc5 c2 31. Rc1 Rxc5 32. dxc5 b3 33. Ra1
Nd3 34. c6 c1=Q 35. c7 Qxc7+ 0-1